|
|
|
|
| LEADER |
00771nam a2200193Ia 4500 |
| 001 |
CTU_43655 |
| 008 |
210402s9999 xx 000 0 und d |
| 020 |
|
|
|b 32.000đ
|
| 082 |
|
|
|a 658.8
|
| 082 |
|
|
|b B979gp
|
| 100 |
|
|
|a Business School of the National Economics Univ. of Hanoi
|
| 245 |
|
0 |
|a Marketing management for small and medium enterprises: About customers: Gathering information on purchasing processes and trends
|
| 245 |
|
0 |
|c Business School of the National Economics Univ. of Hanoi
|
| 260 |
|
|
|a Tp. HCM
|
| 260 |
|
|
|b Trẻ
|
| 260 |
|
|
|c 2001
|
| 650 |
|
|
|a customer satisfaction,customer service - quality control,industrial management,marketing,total quality management
|
| 904 |
|
|
|i Minh, 010927
|
| 980 |
|
|
|a Trung tâm Học liệu Trường Đại học Cần Thơ
|